000 00369nam a2200145Ia 4500
008 230917s9999||||xx |||||||||||||| ||und||
040 _e210937
_aMAIN
041 _aEnglish
082 _a583.8 S77P
100 _aSurender Kumar
245 0 _aPropagation and conservation strategies of salvadora oleoides decne
260 _c2012
300 _a134p p.
942 _cTH
999 _c125835
_d125835